| 000 | 00354 a2200157 4500 | ||
|---|---|---|---|
| 001 | 194225 | ||
| 020 | _a978-85-16-10614-0 | ||
| 040 | _cMagnum | ||
| 100 | _aPrado, Lucilia Junqueira de Almeida | ||
| 240 | 1 | 0 |
_aFiz o que pude _lpor |
| 245 | 1 | 0 | _aFiz o que pude |
| 300 | _a37 | ||
| 362 | 0 | _a2017 | |
| 697 | _aLITERATURA INFANTO-JUVENIL | ||
| 942 | _cBK | ||
| 999 |
_c194225 _d194225 |
||